000 01065nam a2200229Ia 4500
003 IN-BaIIA
008 211028s9999 xx 000 0 eng d
020 _a0-937707-63-5
040 _cIIA Library
080 _a082.2:52
_bASP-44
111 _aInternational Astronomical Union Colloquium, no. 138, on Peculiar Versus normal Phenomena in A-Type and Related Stars
_n138
_cTrieste
_d1992 July
_919107
245 0 _aPeculiar versus normal phenomena in A-Type and Related Stars
_bproceedings of International Astronomical Union colloquium, no. 138, on peculiar versus normal phenomena in A-Type and Related Stars, held in Trieste, Italy, July 1992
_cedited by M. Dworetsky, F. Castelli, R. Faraggiana
260 _aCalifornia
_bAstronomical Society of the Pacific
_c1993
300 _a[various pagings.]
650 _aA-Type Stars
_919108
650 _aAstronomy and Astrophysics thesaurus
650 _aPeculiar Stars
_96774
700 _aCastelli, E., ed.
_919109
700 _aDworetsky, M. M., ed.
_914943
700 _aFaraggiana, R., ed.
_919110
942 _cBK
999 _c11165
_d11165